000 00675cam a22002531 4500
999 _c9965
_d9965
001 9965
003 BD-JhCC
005 20180403195552.0
008 180403s1962 nyua b 000 0 eng
035 _a(BD-JhCC)9965
040 _aDLC
_cDLC
_dDLC
_dBD-JhCC
041 _aeng
050 0 0 _aHM24
_b.M22
082 0 0 _a301.018
_bMAD 1962
100 1 _aMadge, John,
_d1914-
245 1 4 _aThe origins of scientific sociology /
_c John Madge
260 _aNew York :
_bFree Press of Glencoe,
_c1962.
300 _a600 p.
_billus.
_c22 cm.
504 _aIncludes bibliography.
650 0 _aSociology
_xMethodology.
650 0 _aSociology.
942 _2ddc
_cREF